LEADER 01423nam a2200277 i 4500 001 000000254846 003 CaOOAMICUS 005 20170630000000.0 008 170630s2012 it u000 u ita u 013 $a233751 040 $aSeMil$bita 100 1 $aPaleari, Marco <1968- >.$0(OLS)http://semarc/name/92144 245 10$aPassi di fede con l'evangelista Giovanni :$bschede bibliche per un percorso di coppia o di gruppo familiare /$cMarco Paleari e i Gruppi Familiari del decanato di Appiano Gentile. 260 $aSeveso :$bSeminario Arcivescovile in San Pietro Martire,$c2012. 300 $a67 p. ;$c21 cm. 490 0 $aQuaderni di S. Pietro Martire 490 0 $aSerie Letture spirituali 650 4$aGruppi familiari - Pastorale.$0(OLS)http://semarc/subject/37430 650 4$aBibbia - NT - Giovanni - Catechesi.$0(OLS)http://semarc/subject/42638 830 0$aQuaderni di S. Pietro Martire.$0(OLS)http://semarc/title/19757 830 0$aSerie Letture spirituali.$0(OLS)http://semarc/title/19764 850 $aSeMil 852 $aSeMil$W1$xVenegono$y1$m5D VII 25/20$j205192$B205192$CSeMilBibl$Z2$F218676 $81 961 $aOmaggio: Altro 996 $6245$aPassi di fede con l'evangelista Giovanni :$bschede bibliche per un percorso di coppia o di gruppo familiare$9(OLS)http://semarc/title/411200 996 $6260$aSeveso :$bSeminario Arcivescovile in San Pietro Martire$9(OLS)http://semarc/publisher/30726 LEADER 01216nam a2200289 i 4500 001 000000018671 003 CaOOAMICUS 005 20220523163311.0 008 180830s1911 it u000 u ita u 040 $aSeMil$bita 100 1 $aBandello, Matteo,$c.$0(OLS)http://semarc/name/8022 245 13$aLe novelle /$cMatteo Bandello ; a cura di Gioachino Brognoligo. 250 $aSeconda edizione riveduta. 264 1$aBari :$bLaterza & Figli,$c1911-1928. 300 $a5 v. ;$c22 cm. 490 1 $aScrittori d'Italia 650 4$aBandello, Matteo - Opere.$0(OLS)http://semarc/subject/2850 700 1 $aBrognoligo, Gioachino,$d<1867-1932>.$0(OLS)http://semarc/name/8383 774 0 $tVol. 1.$kScrittori d'Italia$w()75780 774 0 $tVol. 2.$kScrittori d'Italia$w()166044 774 0 $tVol. 3.$kScrittori d'Italia$w()166045 774 0 $tVol. 4.$kScrittori d'Italia$w()166046 774 0 $tVol. 5.$kScrittori d'Italia$w()166043 830 0$aScrittori d'Italia.$0(OLS)http://semarc/title/138 996 $6245$aLe novelle$9(OLS)http://semarc/title/24582 996 $6264$aBari :$bLaterza & Figli$9(OLS)http://semarc/publisher/29663